000 00509nam a2200181 i 4500
001 58815
003 ES-MaACL
005 20240519063023.0
007 t|
008 031024s1963 sp ||||1| spa d
080 _a821.134.2-14"19"
100 0 _aEgea, Julio Alfredo,
_d1926-2018
_946706
245 1 0 _aValle de todos /
_cJulio Alfredo Egea.
260 _aMadrid :
_bEditora Nacional,
_c1963.
300 _a47 p. ;
_c24 cm.
852 _aES-MaACL
_j2032-F-23
_bR.52701
999 _c58815
_d58815